[Event "2nd EUR-ch (w)"]
[Site "Warsaw POL"]
[Date "2001.05.03"]
[Round "11.65"]
[White "Grosar, Kiti"]
[Black "Hagesather, Ellen"]
[Result "0-1"]
[WhiteElo "2244"]
[BlackElo "2093"]
[EventDate "2001.04.21"]
[PlyCount "104"]

1.e4 d6 2.d4 Nf6 3.Nc3 g6 4.f3 c6 5.Be3 b5 6.Qd2 Qa5 7.Nge2 Nbd7 8.g4 b4 
9.Nd1 c5 10.Ng3 cxd4 11.Bxd4 Ne5 12.Be2 Ba6 13.O-O Bxe2 14.Qxe2 Nc6 15.Be3
h5 16.g5 Nd7 17.f4 Bg7 18.c3 h4 19.Nh1 Nc5 20.Nhf2 Rc8 21.cxb4 Qxb4 22.a3 
Qb7 23.Nc3 Nd4 24.Bxd4 Bxd4 25.e5 dxe5 26.fxe5 h3 27.Qb5+ Qxb5 28.Nxb5 
Bxb2 29.Rab1 Bxe5 30.Nxa7 Ra8 31.Nb5 Rh5 32.Kh1 Rxg5 33.Rfe1 Kf8 34.Nxh3 
Rh5 35.Kg2 Ra5 36.Re3 Ne6 37.Rf3 Bxh2 38.Nc3 Rxa3 39.Kxh2 Ng5 40.Rb8+ Kg7 
41.Rg3 Rxh3+ 42.Rxh3 Nxh3 43.Nd5 e6 44.Ne7 Nf4 45.Kg1 Ra2 46.Nc6 g5 47.Rb7
Nh3+ 48.Kf1 g4 49.Ne5 Rf2+ 50.Ke1 g3 51.Rb3 g2 52.Rg3+ Kf8 0-1

[Event "2nd EUR-ch (w)"]
[Site "Warsaw POL"]
[Date "2001.05.03"]
[Round "11.66"]
[White "Zawadzka, Magdalena"]
[Black "Partac, Elena"]
[Result "1-0"]
[WhiteElo "2050"]
[BlackElo "2216"]
[EventDate "2001.04.21"]
[PlyCount "75"]

1.e4 c5 2.Nf3 e6 3.d3 Nc6 4.Nbd2 g6 5.g3 Bg7 6.Bg2 d6 7.O-O Nge7 8.Re1 O-O
9.Nf1 h6 10.h4 e5 11.N3h2 Kh7 12.Ne3 Be6 13.c3 f5 14.h5 f4 15.hxg6+ Nxg6 
16.Nf5 Rg8 17.Qh5 Qf8 18.Nf3 Bf6 19.Kf1 Rd8 20.Ke2 d5 21.Rh1 Bxf5 22.exf5 
Nge7 23.gxf4 Rxg2 24.fxe5 Ng8 25.exf6 Qxf6 26.Bg5 Qxf5 27.Bxd8 Qxh5 28.
Rxh5 Nxd8 29.Rxd5 Ne6 30.Rd7+ Kh8 31.Rh1 Rg6 32.Rxb7 Nf4+ 33.Kd2 Rd6 34.
Ne5 Rd5 35.Nf7+ Kg7 36.Nxh6+ Kg6 37.Nxg8 Rxd3+ 38.Kc2 1-0

[Event "2nd EUR-ch (w)"]
[Site "Warsaw POL"]
[Date "2001.05.03"]
[Round "11.67"]
[White "Schuurman, Petra"]
[Black "Baskite, Viktoria"]
[Result "0-1"]
[WhiteElo "2193"]
[BlackElo "2073"]
[EventDate "2001.04.21"]
[PlyCount "72"]

1.c4 e5 2.Nc3 Nc6 3.Nf3 g6 4.d4 exd4 5.Nxd4 Bg7 6.Nxc6 bxc6 7.g3 Ne7 8.Bg2
O-O 9.O-O d6 10.Bg5 Rb8 11.Qd2 Bb7 12.Rad1 Qd7 13.Bh6 c5 14.Bxg7 Kxg7 15.
Ne4 Bxe4 16.Bxe4 Qe6 17.Qc2 Qe5 18.b3 f5 19.Bg2 f4 20.Qd2 Rbe8 21.Qa5 Nf5 
22.Qxc7+ Re7 23.Qc6 Nd4 24.Qd5 Nxe2+ 25.Kh1 Nd4 26.Qxe5+ Rxe5 27.gxf4 Rxf4
28.Rd2 Rh4 29.Bd5 Rxd5 30.cxd5 Nf3 31.Kg2 Nxd2 32.Re1 Re4 33.Rc1 Re5 34.b4
c4 35.a4 Rxd5 36.f4 Rd3 0-1

[Event "2nd EUR-ch (w)"]
[Site "Warsaw POL"]
[Date "2001.05.03"]
[Round "11.69"]
[White "Rantanen, Tanja"]
[Black "Grigoryan, Meri"]
[Result "1-0"]
[WhiteElo "2149"]
[BlackElo "2052"]
[EventDate "2001.04.21"]
[PlyCount "67"]

1.d4 d5 2.Nf3 Nf6 3.Bg5 Ne4 4.Bh4 c6 5.e3 Nd7 6.Bd3 Ndf6 7.h3 Qb6 8.Qc1 e6
9.O-O Bd6 10.c3 h6 11.Bxf6 Nxf6 12.Nbd2 Qc7 13.e4 dxe4 14.Nxe4 Nxe4 15.
Bxe4 O-O 16.Re1 Re8 17.Qe3 Bf4 18.Qe2 b6 19.Bc2 a5 20.g3 Bd6 21.Qe4 Bb7 
22.Qh7+ Kf8 23.Ne5 Bxe5 24.dxe5 c5 25.Qh8+ Ke7 26.Qxg7 Rg8 27.Qxh6 Rad8 
28.Qf6+ Ke8 29.Ba4+ Bc6 30.Bxc6+ Qxc6 31.Rad1 Rd5 32.Qf3 c4 33.Rxd5 exd5 
34.Rd1 1-0

[Event "2nd EUR-ch (w)"]
[Site "Warsaw POL"]
[Date "2001.05.03"]
[Round "11.70"]
[White "Ismailova, Parvana"]
[Black "Ornstein, Petra"]
[Result "1-0"]
[WhiteElo "2140"]
[BlackElo "2035"]
[EventDate "2001.04.21"]
[PlyCount "73"]

1.d4 Nf6 2.c4 g6 3.Nc3 Bg7 4.e4 d6 5.h3 c5 6.dxc5 Qa5 7.Bd3 Nfd7 8.Bd2 
Nxc5 9.Be2 Nc6 10.Nf3 Qd8 11.O-O O-O 12.Qc2 f5 13.exf5 Bxf5 14.Qd1 Nb4 15.
a3 Nbd3 16.b4 Ne4 17.Bxd3 Nxc3 18.Bxc3 Bxc3 19.Rc1 Bg7 20.Re1 Kh8 21.Bxf5 
Rxf5 22.Nd4 Bxd4 23.Qxd4+ e5 24.Qe4 Qb6 25.c5 dxc5 26.Rxc5 Raf8 27.Re2 a5 
28.g4 axb4 29.axb4 R5f6 30.Qxe5 Kg8 31.Qd5+ R8f7 32.Re8+ Kg7 33.g5 Rxf2 
34.Qd4+ R2f6 35.gxf6+ Rxf6 36.Re7+ Kf8 37.Qe5 1-0

[Event "2nd EUR-ch (w)"]
[Site "Warsaw POL"]
[Date "2001.05.03"]
[Round "11.71"]
[White "Apanaviciute, Kristina"]
[Black "Winter, Astrid"]
[Result "1-0"]
[WhiteElo "2019"]
[BlackElo "2135"]
[EventDate "2001.04.21"]
[PlyCount "73"]

1.e4 c5 2.Nf3 e6 3.d4 cxd4 4.Nxd4 Nf6 5.Nc3 Nc6 6.Be3 Bb4 7.Bd3 d5 8.Nxc6 
bxc6 9.exd5 cxd5 10.Bd4 O-O 11.O-O Re8 12.f4 Qe7 13.Kh1 Bb7 14.a3 Bc5 15.
Be5 Rac8 16.b4 Bd6 17.Nb5 Bb8 18.Bxb8 Rxb8 19.Nxa7 e5 20.fxe5 Qxe5 21.Rf5 
Qe3 22.Nb5 Rbd8 23.Rf3 Qe5 24.Rf5 Qe3 25.Qf3 Qb6 26.Qf2 d4 27.Rf1 Re3 28.
Rc5 Qe6 29.Bc4 Qe4 30.Rc7 Bd5 31.Nd6 Qe6 32.Bxd5 Qxd5 33.Nxf7 Rde8 34.Nh6+
Kh8 35.Rxg7 Re2 36.Qxf6 Qxg2+ 37.Rxg2# 1-0

[Event "2nd EUR-ch (w)"]
[Site "Warsaw POL"]
[Date "2001.05.03"]
[Round "11.75"]
[White "Guzik, Jolanta"]
[Black "Ciuksyte, Zivile"]
[Result "1-0"]
[WhiteElo "2111"]
[BlackElo "2150"]
[EventDate "2001.04.21"]
[PlyCount "79"]

1.c4 e5 2.Nc3 Nf6 3.g3 c6 4.Nf3 e4 5.Nd4 d5 6.cxd5 Qb6 7.e3 cxd5 8.Bg2 Nc6
9.Nxc6 bxc6 10.d4 exd3 11.Qxd3 Ba6 12.Qc2 Bd6 13.Bf1 O-O 14.Bxa6 Qxa6 15.
Qe2 Qc8 16.O-O Re8 17.Qf3 Qh3 18.Qg2 Qh5 19.Rd1 c5 20.Bd2 Rad8 21.Be1 Bc7 
22.Nb5 Bb6 23.a4 a6 24.a5 axb5 25.axb6 b4 26.Rdc1 Nd7 27.b7 Rb8 28.Ra7 Qe5
29.b3 h6 30.Qf1 Kh7 31.Qb5 Qf5 32.Rca1 g6 33.Ra8 Qh3 34.Qc6 Qe6 35.Qb5 Qd6
36.R1a6 Qc7 37.Rc6 Qe5 38.Rc8 Qe7 39.Raxb8 Nxb8 40.Rxe8 1-0